iAl trabajo desde la igualdad!: manual de capacitación
Este libro es un recurso pedagógico y de acompañamiento para propiciar espacios de fortalecimiento de nuevas habilidades para la construcción de una mayor equidad de género en el ámbito laboral, y procesos de reflexión, capacitación participativa y vivencial, que faciliten hacerse preguntas y encont...
Guardat en:
| Autor corporatiu: | |
|---|---|
| Altres autors: | , , |
| Format: | Desconegut |
| Idioma: | Spanish |
| Publicat: |
San José, Costa Rica :
FUNPADEM, Instituto Tecnológico Interamericano,
|
| Col·lecció: | Serie Didáctica: por los derechos de las mujeres
|
| Matèries: | |
| Etiquetes: |
Afegir etiqueta
Sense etiquetes, Sigues el primer a etiquetar aquest registre!
|
MARC
| LEADER | 00000 a2200000 04500 | ||
|---|---|---|---|
| 001 | 40265 | ||
| 003 | |||
| 008 | 050630s2008 cr spa d | ||
| 040 | |||
| 020 | |a 978-9968-875-69-1 | ||
| 022 | |a 978-9968-875-69-1 | ||
| 090 | |a 1003 A316a | ||
| 110 | |a Proyecto Cumple y Gana | ||
| 245 | |a iAl trabajo desde la igualdad!: |b manual de capacitación | ||
| 260 | |a San José, Costa Rica : |b FUNPADEM, |b Instituto Tecnológico Interamericano, | ||
| 300 | |a 124 páginas : ilustraciones | ||
| 440 | |a Serie Didáctica: por los derechos de las mujeres | ||
| 520 | |a Este libro es un recurso pedagógico y de acompañamiento para propiciar espacios de fortalecimiento de nuevas habilidades para la construcción de una mayor equidad de género en el ámbito laboral, y procesos de reflexión, capacitación participativa y vivencial, que faciliten hacerse preguntas y encontrar respuestas; concretamente, se desarrolla con la finalidad de la defensa de los derechos humanos en general y los derechos laborales de las mujeres, por lo que el manual está compuesto de tres unidades temáticas: a) género y discriminación, b) derechos laborales y c) orientaciones metodológicas para la facilitación de procesos de capacitación. | ||
| 590 | |a AMB/SETIEMBRE2014 | ||
| 650 | |a A)MUJERES | ||
| 650 | |a B)IGUALDAD DE GENERO | ||
| 650 | |a C)DERECHOS HUMANOS | ||
| 650 | |a D)SEGURIDAD LABORAL | ||
| 650 | |a E)CAPACITACION | ||
| 700 | |a Romero, Rainiero | ||
| 700 | |a Sánchez, Sara Isabel | ||
| 700 | |a Téllez, Ruth Virginia | ||
| 999 | |c 11669 |d 11669 | ||



